Harrison's principles of intenal medicine / (Record no. 913)

MARC details
000 -LEADER
fixed length control field 00591nam a22002057a 4500
003 - CONTROL NUMBER IDENTIFIER
control field OSt
005 - DATE AND TIME OF LATEST TRANSACTION
control field 20150116135522.0
008 - FIXED-LENGTH DATA ELEMENTS--GENERAL INFORMATION
fixed length control field 150116b xxu||||| |||| 00| 0 eng d
020 ## - INTERNATIONAL STANDARD BOOK NUMBER
International Standard Book Number 0070525374
040 ## - CATALOGING SOURCE
Transcribing agency DNLM
082 ## - DEWEY DECIMAL CLASSIFICATION NUMBER
Classification number WB 18 H245 1998
100 ## - MAIN ENTRY--PERSONAL NAME
Personal name Stone Richard M.
9 (RLIN) 2453
245 ## - TITLE STATEMENT
Title Harrison's principles of intenal medicine /
Statement of responsibility, etc. Richard M. Stone
250 ## - EDITION STATEMENT
Edition statement 14th ed.
260 ## - PUBLICATION, DISTRIBUTION, ETC. (IMPRINT)
Place of publication, distribution, etc. New York :
Name of publisher, distributor, etc. McGraw-Hill;
Date of publication, distribution, etc. 1998
300 ## - PHYSICAL DESCRIPTION
Extent ix, 363 p ;
Other physical details col.ill
Dimensions 29 cm
504 ## - BIBLIOGRAPHY, ETC. NOTE
Bibliography, etc Includes bibliographical references and Appendix
650 ## - SUBJECT ADDED ENTRY--TOPICAL TERM
Topical term or geographic name as entry element Internal medicine
9 (RLIN) 849
942 ## - ADDED ENTRY ELEMENTS (KOHA)
Source of classification or shelving scheme Other/Generic Classification Scheme
Koha item type Short Loan
Holdings
Withdrawn status Lost status Source of classification or shelving scheme Damaged status Not for loan Home library Current library Date acquired Source of acquisition Inventory number Total Checkouts Full call number Barcode Date last seen Price effective from Koha item type
    Other/Generic Classification Scheme     MUST Main Library MUST Main Library 16/01/2015   2001/15573   WB 18 H245 1998 2015-0130 16/01/2015 16/01/2015 Short Loan
    Other/Generic Classification Scheme     MUST Main Library MUST Main Library 15/07/2016   2001/15665   WB 18 H245 1998 2016-3173 15/07/2016 15/07/2016 Open Shelf
    Other/Generic Classification Scheme     MUST Main Library MUST Main Library 15/07/2016   2001/15671   WB 18 H245 1998 2016-3174 15/07/2016 15/07/2016 Open Shelf
    Other/Generic Classification Scheme     MUST Main Library MUST Main Library 15/07/2016   2001/15663   WB 18 H245 1998 2016-3175 15/07/2016 15/07/2016 Open Shelf
    Other/Generic Classification Scheme     MUST Main Library MUST Main Library 15/07/2016   2001/15667   WB 18 H245 1998 2016-3176 15/07/2016 15/07/2016 Open Shelf
    Other/Generic Classification Scheme     MUST Main Library MUST Main Library 15/07/2016   2001/15669   WB 18 H245 1998 2016-3177 15/07/2016 15/07/2016 Open Shelf
    Other/Generic Classification Scheme     MUST Main Library MUST Main Library 15/07/2016   2001/15664   WB 18 H245 1998 2016-3178 15/07/2016 15/07/2016 Open Shelf
    Other/Generic Classification Scheme     MUST Main Library MUST Main Library 15/07/2016   2001/15670   WB 18 H245 1998 2016-3179 15/07/2016 15/07/2016 Open Shelf
    Other/Generic Classification Scheme     MUST Main Library MUST Main Library 17/08/2016   2001/15674   WB 18 H245 1998 2016-3691 17/08/2016 17/08/2016 Open Shelf